Online
Catalog

Técnico en ganadería / (Record no. 7474)

MARC details
000 -CABECERA
campo de control de longitud fija 01577nam a2200277 a 4500
001 - NÚMERO DE CONTROL
campo de control 000007695
005 - FECHA Y HORA DE LA ÚLTIMA TRANSACCIÓN
campo de control 20240517193337.0
008 - DATOS DE LONGITUD FIJA--INFORMACIÓN GENERAL
campo de control de longitud fija 090907s2003 sp a r 001 0 spa d
020 ## - NÚMERO INTERNACIONAL ESTÁNDAR DEL LIBRO
Número Internacional Estándar del Libro 848055553X (obra completa)
040 ## - FUENTE DE LA CATALOGACIÓN
Centro catalogador/agencia de origen DO-SdBNP
Lengua de catalogación spa
Centro/agencia transcriptor BNPHU
082 ## - NÚMERO DE LA CLASIFICACIÓN DECIMAL DEWEY
Número de clasificación 636
Número de documento/Ítem T255g
245 00 - MENCIÓN DE TÍTULO
Título Técnico en ganadería /
Mención de responsabilidad, etc. redacción y coordinador Eduardo Villena Fernández, José Jiménez Ruiz Matas.
260 ## - PUBLICACIÓN, DISTRIBUCIÓN, ETC.
Lugar de publicación, distribución, etc. Madrid :
Nombre del editor, distribuidor, etc. Cultural ,
Fecha de publicación, distribución, etc. 2003.
270 ## - DIRECCIÓN
Dirección Cultural, S.A.
-- Polígono industrial Arroyomolinos calle C, núm. 15, Móstoles
Ciudad Madrid
País España
300 ## - DESCRIPCIÓN FÍSICA
Extensión 3 v. :
Otras características físicas il. , retrs. ;
Dimensiones 26 cm.
505 2# - NOTA DE CONTENIDO CON FORMATO
Nota de contenido con formato v.1 - Morfología y fisiología -- Razas ganaderas -- Equinos -- La alimentación del ganado I -- v.2 La alimentación del ganado II -- Manejo de la reproducción -- Higiene y patología animal -- v.3 Instalaciones ganaderas -- Sistemas de producción -- La empresa ganadera: organización y gestión -- Producción ganadera en el -- Censo y mapa mundial del ganado ovino -- Censo y mapa mundial del ganado caprino -- Censo y mapa mundial del ganado porcino -- Censo y mapa mundial en avicultura -- Censo y mapa mundial del ganado bovino -- Índice analítico.
650 #0 - PUNTO DE ACCESO ADICIONAL DE MATERIA--TÉRMINO DE MATERIA
Término de materia o nombre geográfico como elemento de entrada Ganedería
9 (RLIN) 2464
650 #4 - PUNTO DE ACCESO ADICIONAL DE MATERIA--TÉRMINO DE MATERIA
Término de materia o nombre geográfico como elemento de entrada Fisiología animal
9 (RLIN) 5967
650 #4 - PUNTO DE ACCESO ADICIONAL DE MATERIA--TÉRMINO DE MATERIA
Término de materia o nombre geográfico como elemento de entrada Alimentos para animales
9 (RLIN) 21338
650 #4 - PUNTO DE ACCESO ADICIONAL DE MATERIA--TÉRMINO DE MATERIA
Término de materia o nombre geográfico como elemento de entrada Cría de animales
9 (RLIN) 1547
650 #4 - PUNTO DE ACCESO ADICIONAL DE MATERIA--TÉRMINO DE MATERIA
Término de materia o nombre geográfico como elemento de entrada Ganado
Subdivisión general Reproducción
9 (RLIN) 21339
650 #4 - PUNTO DE ACCESO ADICIONAL DE MATERIA--TÉRMINO DE MATERIA
Término de materia o nombre geográfico como elemento de entrada Ganadería
Subdivisión general Estadísticas
9 (RLIN) 21340
700 1# - PUNTO DE ACCESO ADICIONAL--NOMBRE DE PERSONA
Nombre de persona Villena Fernández, Eduardo
9 (RLIN) 21341
700 1# - PUNTO DE ACCESO ADICIONAL--NOMBRE DE PERSONA
Nombre de persona Jiménez Ruiz Matas, José
9 (RLIN) 21342
910 ## - DATOS DE OPCIÓN DEL USUARIO (OCLC)
Datos de opción del usuario Validado. Control de calidad. MMOLINA
Holdings
Estado de retiro Estado de pérdida Restricciones de uso No para préstamo Código de colección Localización permanente Ubicación/localización actual Ubicación en estantería Fecha de adquisición Número de inventario Total de préstamos Signatura topográfica completa Código de barras Fecha visto por última vez Precio válido a partir de Tipo de ítem Koha
      Excluido de préstamo Monografías: Libros y Folletos General General Depósito 10.09.2009 LF1   636 T347g | v. 1 7695-10 25.06.2020 25.06.2020 No se presta
      Excluido de préstamo Monografías: Libros y Folletos General General Depósito 10.09.2009 LF1   636 T347g | v. 2 7695-20 25.06.2020 25.06.2020 No se presta
      Excluido de préstamo Monografías: Libros y Folletos General General Depósito 10.09.2009 LF1   636 T347g | v. 3 7695-30 25.06.2020 25.06.2020 No se presta

Powered by Koha